| 000 | 01142nam a22002297a 4500 | ||
|---|---|---|---|
| 003 | OSt | ||
| 005 | 20170608093048.0 | ||
| 008 | 150409b2008 slv spa | ||
| 040 | _cBMC | ||
| 082 | _a621.398 | ||
| 100 | 1 |
_936091 _aPosada Martínez, Carla Margarita |
|
| 245 | 1 | 0 |
_aSistema multimedio para el refuerzo de la matemática para el primer ciclo de educación básica _b: Informe final de proyecto _cCarla Margarita Posada Martínez, Lucía Janeth Rugamas Córdova |
| 260 |
_aSanta Ana (El Salvador) _bUniversidad Católica de El Salvador _c2008 |
||
| 300 |
_a141 h. _bil. col _c28 cm _e+ 1 disco compacto |
||
| 500 | _aPrecede al tít.: Universidad Católica de El Salvador, Facultad de Ingeniería y Arquitectura | ||
| 500 | _aCD No. 1033789 (v. 1) primer grado, CD No.1033790 (v. 2) segundo grado, CD No. 1033791 (v. 3) tercer grado | ||
| 502 | _aPara optar al título de Ingeniera en Sistemas Informáticos | ||
| 650 | 2 | 4 |
_98508 _aDiseño de sistemas |
| 700 | 1 |
_936092 _aRugamas Córdova, Lucía Janeth |
|
| 710 | 2 |
_91166 _aUniversidad Católica de El Salvador _bFacultad de Ingeniería y Arquitectura |
|
| 942 |
_2ddc _cTG |
||
| 999 |
_c22326 _d22326 |
||